LIBRARY & INFORMATION CENTRE, KCAET, TAVANUR

ONLINE PUBLIC ACCESS CATALOGUE (OPAC)

Refresher course in economic theory (Record no. 11181)

MARC details
000 -LEADER
fixed length control field 00410cam a2200169ua 4500
041 ## - LANGUAGE CODE
Language code of text/sound track or separate title eng
082 ## - DEWEY DECIMAL CLASSIFICATION NUMBER
Classification number 330.1
Item number KEW/RE
100 ## - MAIN ENTRY--AUTHOR NAME
Personal name kewal rishnan dewett , J.D. Varma .
245 ## - TITLE STATEMENT
Title Refresher course in economic theory
260 ## - PUBLICATION, DISTRIBUTION, ETC. (IMPRINT)
Place of publication Delhi :
Name of publisher premier pub co ,
Year of publication 1965.
300 ## - PHYSICAL DESCRIPTION
Number of Pages 651 ; .
Holdings
Withdrawn status Lost status Damaged status Home library Current library Shelving location Date acquired Cost, normal purchase price Full call number Accession Number Koha item type Public note
Withdrawn   Damaged KAUAET Sanskrit University Binding Shelf 07/04/2012 8.00 330.1 7549 Books Transferred to Sanskrit University
free website counter